[Event "College Final Four 2014"]
[Site "New York USA"]
[Date "2014.04.06"]
[Round "3.4"]
[White "Robson, Ray"]
[Black "Torres Rosas, Luis Carlos"]
[Result "1-0"]
[WhiteTitle "GM"]
[BlackTitle "CM"]
[WhiteElo "2628"]
[BlackElo "2359"]
[WhiteTeam "Webster University"]
[BlackTeam "Texas Tech"]
[WhiteFideId "2023970"]
[BlackFideId "5111080"]
[EventDate "2014.04.05"]

1. e4 c5 2. Nf3 d6 3. d4 cxd4 4. Nxd4 Nf6 5. Nc3 a6 6. Be3 e5 7. Nb3 Be6 8. f3
Be7 9. Qd2 O-O 10. O-O-O Nbd7 11. g4 b5 12. g5 b4 13. gxf6 bxc3 14. Qxc3 Nxf6
15. Na5 Rc8 16. Nc6 Qe8 17. Nxe7+ Qxe7 18. Qa5 Rc6 19. Kb1 Rfc8 20. b3 Qb7 21.
Rg1 Ne8 22. Rd2 f5 23. Bh3 Qf7 24. exf5 Bxf5 25. Bxf5 Qxf5 26. Qd5+ Kh8 27. Rg5
Qf8 28. f4 Rc3 29. Qf3 Nc7 30. Qf2 Ne6 31. Rg4 Qf5 32. Rg2 exf4 33. Bd4 R3c7 34.
Bb2 d5 35. h4 h6 36. Qb6 Rc6 37. Qa7 R8c7 38. Qf2 Kh7 39. Qf3 Qe4 40. Qd1 d4 41.
Rge2 Qf5 42. Rf2 Rd7 43. Bxd4 Rcd6 44. Bc3 Rxd2 45. Rxd2 Rxd2 46. Qxd2 f3 47.
Qf2 Nc5 48. Qg3 Ne6 49. Qf2 Kg6 50. Kc1 Kh7 51. b4 Qe4 52. Kd2 Nf4 53. Qd4 Qe2+
54. Kc1 Ne6 55. Qd2 Qe4 56. a4 Kg6 57. b5 axb5 58. axb5 Kh5 59. b6 g5 60. hxg5
hxg5 61. Qe1 Qf4+ 62. Bd2 f2 63. Qe2+ Qg4 64. Qxf2 Nd8 65. Qh2+ Qh4 66. Qe2+ Qg4
67. Qe8+ 1-0

[Event "College Final Four 2014"]
[Site "New York USA"]
[Date "2014.04.06"]
[Round "3.1"]
[White "Rosen, Eric S"]
[Black "Huschenbeth, Niclas"]
[Result "0-1"]
[WhiteTitle "FM"]
[BlackTitle "GM"]
[WhiteElo "2304"]
[BlackElo "2537"]
[WhiteTeam "University of Illinois"]
[BlackTeam "University of Maryland"]
[WhiteFideId "2032562"]
[BlackFideId "24604747"]
[EventDate "2014.04.05"]

1. c4 e5 2. Nc3 Nf6 3. Nf3 Nc6 4. a3 d5 5. cxd5 Nxd5 6. Qc2 Be7 7. e3 O-O 8.
Nxd5 Qxd5 9. Bd3 Kh8 10. b4 f5 11. Bc4 Qd6 12. h4 Be6 13. Bb2 Bxc4 14. Qxc4 e4
15. Ng5 Bf6 16. Bxf6 Qxf6 17. Rd1 Rae8 18. g3 Ne5 19. Qb3 c5 20. bxc5 Qa6 21. d4
exd3 22. f4 Ng4 23. Rxd3 h6 24. Nf7+ Rxf7 25. Qxf7 Qxd3 26. Qxe8+ Kh7 27. h5
Qb1+ 28. Kd2 Qb2+ 29. Kd3 Nf2+ 30. Kc4 Qc2+ 31. Kb5 Qb3+ 32. Ka5 Qxa3+ 33. Kb5
Qa6+ 34. Kb4 Nxh1 35. g4 Qc6 36. Qf7 Qe4+ 37. Ka5 fxg4 38. f5 Qc6 39. e4 Qxc5+
40. Ka4 b5+ 41. Ka5 Qb6+ 42. Kb4 a5+ 43. Ka3 Qc5+ 44. Kb2 Qd4+ 0-1

[Event "College Final Four 2014"]
[Site "New York USA"]
[Date "2014.04.06"]
[Round "3.2"]
[White "Akshayraj, Kore"]
[Black "Luo, Xin"]
[Result "1-0"]
[WhiteTitle "GM"]
[WhiteElo "2486"]
[BlackElo "2070"]
[WhiteTeam "University of Maryland"]
[BlackTeam "University of Illinois"]
[WhiteFideId "5012414"]
[BlackFideId "8603022"]
[EventDate "2014.04.05"]

1. e4 c5 2. Nf3 Nc6 3. Bb5 e6 4. Bxc6 bxc6 5. O-O Ne7 6. d3 Ng6 7. Ng5 e5 8. Qh5
Be7 9. Nc3 d6 10. Ne2 Bxg5 11. Bxg5 f6 12. Be3 O-O 13. f4 exf4 14. Nxf4 Ne5 15.
Qe2 g5 16. Nh3 Bg4 17. Qd2 Rb8 18. b3 Bxh3 19. gxh3 Qe8 20. Qg2 Rb7 21. Rf5 Rg7
22. Qg3 h5 23. Kf1 Qe7 24. Ke2 d5 25. Raf1 dxe4 26. dxe4 c4 27. Bd4 Nd7 28. Qe3
cxb3 29. axb3 Rg6 30. Ra1 c5 31. Bc3 Qd6 32. Qg3 Qc6 33. Qd3 Re8 34. Rxa7 Rxe4+
35. Kd2 Rg7 36. Ra6 Qb7 37. Kc1 c4 38. bxc4 Rf4 39. Re6 Nf8 40. Rexf6 Qh1+ 41.
Kb2 Rb7+ 42. Rb5 Rxf6 43. Bxf6 Nh7 44. Qg6+ Kf8 45. Be7+ 1-0

[Event "College Final Four 2014"]
[Site "New York USA"]
[Date "2014.04.06"]
[Round "3.3"]
[White "Auger, Michael W"]
[Black "Bregadze, Levan"]
[Result "0-1"]
[BlackTitle "IM"]
[WhiteElo "2128"]
[BlackElo "2423"]
[WhiteTeam "University of Illinois"]
[BlackTeam "University of Maryland"]
[WhiteFideId "2031221"]
[BlackFideId "13603264"]
[EventDate "2014.04.05"]

1. e4 g6 2. d4 Bg7 3. Nf3 d6 4. Be3 Nf6 5. Nc3 O-O 6. Qd2 Bg4 7. Be2 Nc6 8. h3
Bxf3 9. Bxf3 e5 10. d5 Nd4 11. Bxd4 exd4 12. Ne2 Re8 13. Qxd4 Nxe4 14. Qb4 Ng5
15. Kf1 Nxf3 16. gxf3 Qf6 17. Qb3 a5 18. a4 Ra6 19. Qb5 Qe7 20. Ng3 Rb6 21. Qxa5
Bxb2 22. Rd1 Qh4 23. Qd2 Qxa4 24. h4 Rb4 25. Ne4 Rd4 26. Nf6+ Kh8 27. Qxd4 Bxd4
28. Nxe8 Be5 29. Re1 Qxe8 0-1

[Event "College Final Four 2014"]
[Site "New York USA"]
[Date "2014.04.06"]
[Round "3.4"]
[White "Paikidze, Nazi"]
[Black "Indusekar, Akshay"]
[Result "1-0"]
[WhiteTitle "IM"]
[WhiteElo "2340"]
[BlackElo "2028"]
[WhiteTeam "University of Maryland"]
[BlackTeam "University of Illinois"]
[WhiteFideId "13603620"]
[BlackFideId "2071444"]
[EventDate "2014.04.05"]

1. d4 d5 2. Nf3 Nf6 3. c4 c6 4. e3 e6 5. Nc3 a6 6. Bd3 dxc4 7. Bxc4 b5 8. Bd3 c5
9. dxc5 Bxc5 10. O-O Bb7 11. a3 Nbd7 12. Qe2 O-O 13. e4 Qc7 14. g3 Ne5 15. Bf4
Nfd7 16. Rac1 Nxf3+ 17. Qxf3 Ne5 18. Qe2 f6 19. b4 Bb6 20. Na4 Qd8 21. Bxe5 bxa4
22. Bf4 Kh8 23. Be3 e5 24. Rfd1 Bd4 25. Rc4 Rc8 26. Bc2 Rxc4 27. Qxc4 Qc8 28.
Qxc8 Rxc8 29. Bxa4 Bxe3 30. fxe3 Bxe4 31. Bd7 Rd8 32. Rc1 Kg8 33. Rc7 f5 34. Kf2
g5 35. Ra7 Kf8 36. a4 Rb8 37. Rxa6 Rxb4 38. Bxf5 Bxf5 39. Rf6+ Kg7 40. Rxf5 Rxa4
41. Rxg5+ Kf6 42. Rh5 Ra7 43. Kf3 Rb7 44. h4 Ra7 45. Rh6+ Kg7 46. Re6 Ra5 47.
Ke4 Ra4+ 48. Kf5 h5 49. Rg6+ Kh7 50. Rg5 Kh6 51. Kxe5 Ra5+ 52. Kf4 Ra2 53. Rd5
Ra3 54. Rd6+ Kg7 1-0